000 00512nam a2200169 i 4500
001 70980
003 ES-MaACL
005 20230906171002.0
007 t|
008 040804s1904 sp ||||1| spa d
100 1 _aGascón y Marín, José.
_955866
245 1 0 _aMunicipalización de servicios públicos /
_cJosé Gascón y Marín.
260 _aMadrid :
_b[s.n.,
_c1904] (
_fImp. de Fortanet)
300 _a289 p. ;
_c19 cm.
650 4 _aServicios municipales-
_zEspaña.
_9153944
852 _aES-MaACL
_jF-12389
999 _c70980
_d70980